000
00300nam a22001337a 4500
008
171102b xxu||||| |||| 00| 0 eng d
020
_a
9780132020015
041
_a
eng
080
_2
7TH
_a
339.138
100
_a
60
101
_a
MAR
245
_a
PRINCIPLES OF MARKETING
_c
KOTLER.P
942
_2
udc
_c
BK
999
_c
37412
_d
37412